000 00575nam a2200205Ia 4500
005 20250923144635.0
008 008 250917s9999 xx 000 0 eng d
037 _aTextual
040 _aDSWL
_beng
_cDSWL
041 _aeng
_2eng
084 _aB2817, N50;1
_qDSWL
100 _aParton, Mildred
_9826900
245 0 _aSurveys, Palls and samples
_cby Mildred Parton
260 _aNew York
_b Harper & Brothers
_c1950
300 _axii,624p.
365 _aUSD
_b6
925 _g6
942 _cTEXL
_hB2817, N50;1
999 _c1441517
_d1441517